| 000 | 00350nam a2200133Ia 4500 | ||
|---|---|---|---|
| 999 |
_c10787 _d10787 |
||
| 008 | 191201s2011 xx 000 0 und d | ||
| 082 |
_a005.55 _bNAM |
||
| 100 | _aNADHANI, A.K. | ||
| 245 | 0 | _aManaging VAT with Tally 9 : Covers VAT and CST with Tally 9 | |
| 260 |
_aNew Delhi _bBPB Pub. _c2008 |
||
| 300 | _a277 | ||
| 650 | _aB Com | ||
| 942 |
_2ddc _cBK |
||